<?xml version="1.0" encoding="UTF-8"?><?xml-stylesheet type="text/xsl" href="static/style.xsl"?><OAI-PMH xmlns="http://www.openarchives.org/OAI/2.0/" xmlns:xsi="http://www.w3.org/2001/XMLSchema-instance" xsi:schemaLocation="http://www.openarchives.org/OAI/2.0/ http://www.openarchives.org/OAI/2.0/OAI-PMH.xsd"><responseDate>2026-06-29T02:40:58Z</responseDate><request verb="GetRecord" identifier="oai:docta.ucm.es:20.500.14352/122221" metadataPrefix="marc">https://docta.ucm.es/rest/oai/request</request><GetRecord><record><header><identifier>oai:docta.ucm.es:20.500.14352/122221</identifier><datestamp>2025-07-04T23:46:40Z</datestamp><setSpec>com_20.500.14352_1</setSpec><setSpec>col_20.500.14352_5</setSpec></header><metadata><record xmlns="http://www.loc.gov/MARC21/slim" xmlns:dcterms="http://purl.org/dc/terms/" xmlns:xsi="http://www.w3.org/2001/XMLSchema-instance" xmlns:doc="http://www.lyncode.com/xoai" xsi:schemaLocation="http://www.loc.gov/MARC21/slim http://www.loc.gov/standards/marcxml/schema/MARC21slim.xsd">
   <leader>00925njm 22002777a 4500</leader>
   <datafield ind2=" " ind1=" " tag="042">
      <subfield code="a">dc</subfield>
   </datafield>
   <datafield ind2=" " ind1=" " tag="720">
      <subfield code="a">Figuero Ruiz, Elena</subfield>
      <subfield code="e">author</subfield>
   </datafield>
   <datafield ind2=" " ind1=" " tag="720">
      <subfield code="a">Hernández Vallejo, Gonzalo</subfield>
      <subfield code="e">author</subfield>
   </datafield>
   <datafield ind2=" " ind1=" " tag="720">
      <subfield code="a">Herrera González, David</subfield>
      <subfield code="e">author</subfield>
   </datafield>
   <datafield ind2=" " ind1=" " tag="720">
      <subfield code="a">Martínez Rus, Francisco</subfield>
      <subfield code="e">author</subfield>
   </datafield>
   <datafield ind2=" " ind1=" " tag="720">
      <subfield code="a">Pérez-Higueras Sánchez-Escalonilla, Juan</subfield>
      <subfield code="e">author</subfield>
   </datafield>
   <datafield ind2=" " ind1=" " tag="720">
      <subfield code="a">Maroto Edo, Myriam</subfield>
      <subfield code="e">author</subfield>
   </datafield>
   <datafield ind2=" " ind1=" " tag="720">
      <subfield code="a">Salido Rodríguez-Manzaneque, María Paz</subfield>
      <subfield code="e">author</subfield>
   </datafield>
   <datafield ind2=" " ind1=" " tag="720">
      <subfield code="a">Iniesta Albentosa, Margarita Isabel</subfield>
      <subfield code="e">author</subfield>
   </datafield>
   <datafield ind2=" " ind1=" " tag="720">
      <subfield code="a">Alonso Álvarez, Bettina María</subfield>
      <subfield code="e">author</subfield>
   </datafield>
   <datafield ind2=" " ind1=" " tag="720">
      <subfield code="a">Barahona Vara, Tommy</subfield>
      <subfield code="e">author</subfield>
   </datafield>
   <datafield ind2=" " ind1=" " tag="720">
      <subfield code="a">Peralta Martos, Miguel Ángel</subfield>
      <subfield code="e">author</subfield>
   </datafield>
   <datafield ind2=" " ind1=" " tag="720">
      <subfield code="a">Guijarro Blanco, Alicia</subfield>
      <subfield code="e">author</subfield>
   </datafield>
   <datafield ind2=" " ind1=" " tag="720">
      <subfield code="a">García González, Lucía</subfield>
      <subfield code="e">author</subfield>
   </datafield>
   <datafield ind2=" " ind1=" " tag="720">
      <subfield code="a">Hernández Garcés, Claudia</subfield>
      <subfield code="e">author</subfield>
   </datafield>
   <datafield ind2=" " ind1=" " tag="720">
      <subfield code="a">Roche Mena, Raúl</subfield>
      <subfield code="e">author</subfield>
   </datafield>
   <datafield ind2=" " ind1=" " tag="720">
      <subfield code="a">Menéndez Fernández, Carmen</subfield>
      <subfield code="e">author</subfield>
   </datafield>
   <datafield ind2=" " ind1=" " tag="720">
      <subfield code="a">Chien Lee, Yueh</subfield>
      <subfield code="e">author</subfield>
   </datafield>
   <datafield ind2=" " ind1=" " tag="720">
      <subfield code="a">Shan Bai, Eddy</subfield>
      <subfield code="e">author</subfield>
   </datafield>
   <datafield ind2=" " ind1=" " tag="720">
      <subfield code="a">Ríos Barbero, Julia María</subfield>
      <subfield code="e">author</subfield>
   </datafield>
   <datafield ind2=" " ind1=" " tag="720">
      <subfield code="a">Gutiérrez Muñoz, Elena</subfield>
      <subfield code="e">author</subfield>
   </datafield>
   <datafield ind2=" " ind1=" " tag="720">
      <subfield code="a">González Pérez, Raquel</subfield>
      <subfield code="e">author</subfield>
   </datafield>
   <datafield ind2=" " ind1=" " tag="720">
      <subfield code="a">Amigo Basilio, Marta</subfield>
      <subfield code="e">author</subfield>
   </datafield>
   <datafield ind2=" " ind1=" " tag="720">
      <subfield code="a">Vergara Martos, Mayka</subfield>
      <subfield code="e">author</subfield>
   </datafield>
   <datafield ind2=" " ind1=" " tag="720">
      <subfield code="a">Saadi Abdullah Al agele, Zumurrud</subfield>
      <subfield code="e">author</subfield>
   </datafield>
   <datafield ind2=" " ind1=" " tag="720">
      <subfield code="a">García-Torres Solano, Carmen</subfield>
      <subfield code="e">author</subfield>
   </datafield>
   <datafield ind2=" " ind1=" " tag="260">
      <subfield code="c">2025-06-30</subfield>
   </datafield>
   <datafield ind2=" " ind1=" " tag="520">
      <subfield code="a">El Sistema de Garantía de las titulaciones oficiales de la Facultad de Odontología de la Universidad Complutense de Madrid (UCM) (modificación aprobada por la Oficina de Calidad el 07 de marzo de 2025) es el responsable de mantener la calidad de las titulaciones impartidas en el dentro. Para ello, se realizan procedimientos de evaluación, seguimiento y mejora. Estas acciones incluyen la monitorización de la satisfacción mediante la realización de encuestas anónimas anuales de la satisfacción de los diferentes colectivos implicados en las titulaciones del centro: Estudiantes, Personal Docente e Investigador (PDI), Personal Técnico de Gestión, Administración y Servicios (PTGAS) y Egresados. En el caso de estos últimos (egresados), se realizan también encuestas de inserción laboral. Tras el análisis de las encuestas, las conclusiones son descritas y publicadas en las memorias anuales de seguimiento de cada una de las titulaciones y tomadas en cuenta por el Equipo Decanal para futuras mejoras.
La cumplimentación de estas encuestas se realiza mediante un sistema gestionado por el Vicerrectorado de Calidad de la UCM. No obstante, de acuerdo con los datos descritos en las memorias anuales de seguimiento de las titulaciones de la Facultad de Odontología, la media de participación durante los últimos años ha mostrado ser muy escasa y con tendencia a la baja. Concretamente, en el caso del Grado en Odontología, en el curso 2021-22, los porcentajes de participación en las encuestas de satisfacción se situaron en el 15,1% para los estudiantes, el 6% para los egresados a un año y 7% para los egresados a tres años de esta titulación y del 16,1% para las encuestas de inserción laboral. En el curso 2022-23, en colaboración con la Oficina de Calidad del Vicerrectorado, se implementaron medidas enfocadas a mejorar estos porcentajes como la realización de sesiones informativas, el adelanto temporal del periodo de encuestas y la difusión por las redes sociales institucionales de nuestro centro. Gracias a estas acciones el porcentaje de participación de los estudiantes del Grado mejoró de manera sustancial (75,9%). En el curso 2023-24, el porcentaje de participación de los estudiantes del Grado se redujo respecto al curso 2022-23 (42,8%), aunque se mantuvo por encima de los niveles registrados en años anteriores (15,1%). Sin embargo, las medidas implantadas en el curso 2022-23 no fueron suficientes para incrementar la participación de los egresados, que se situó en el 5,6% en 2022-23 y en el 5,4% en el 2023-24. Atribuimos este hecho a la pérdida de la vinculación con este colectivo tras la finalización de los estudios. 
La escasez de información obtenida de los alumnos egresados preocupa al equipo directivo del centro, especialmente en un momento en el que debido a la normativa europea 2024/782 se está planteando llevar a cabo una modificación en el plan de estudios del Grado para lo cual la opinión de los egresados y los datos de inserción laboral serían cruciales, especialmente al tratarse de una titulación con un claro enfoque profesionalizante.  

Objetivo general:
Conocer de forma fiable la satisfacción y la inserción laboral de estudiantes y egresados del Grado en Odontología. 
Objetivos específicos:
1.	Objetivo 1. Mantener, e incluso mejorar, el aumento en los porcentajes de participación de los estudiantes del Grado en Odontología UCM en los sistemas de encuestas de satisfacción de la UCM
2.	Objetivo 2. Incrementar la participación de los egresados en el sistema de encuestas de satisfacción y de inserción laboral de la UCM
3.	Objetivo 3. Aumentar el conocimiento de los mecanismos de evaluación de la calidad-satisfacción y mejorar su percepción por parte de los egresados.
4.	Objetivo 4. Obtener datos fiables para las memorias anuales de seguimiento y plantear planes de mejora concretos. 
5.	Objetivo 5. Fomentar el vínculo con los egresados del centro.
6.	Objetivo 6. Recabar información útil para elaborar la propuesta de modificación del plan de estudios del Grado en Odontología.
7.	Objetivo 7. Obtener y analizar información de los Colegios profesionales para identificar las empleabilidad, necesidades y dificultades de los nuevos graduados.</subfield>
   </datafield>
   <datafield ind1="8" ind2=" " tag="024">
      <subfield code="a">https://hdl.handle.net/20.500.14352/122221</subfield>
   </datafield>
   <datafield ind1="8" ind2=" " tag="024">
      <subfield code="a">293</subfield>
   </datafield>
   <datafield ind2="0" ind1="0" tag="245">
      <subfield code="a">Estudio de la satisfacción e inserción laboral en el Grado en Odontología a través de la creación de vínculos efectivos entre estudiantes y egresados</subfield>
   </datafield>
</record></metadata></record></GetRecord></OAI-PMH>